La movilidad del personal dentro de la empresa (Registro nro. 2585)
[ vista simple ]
| 000 -LEADER | |
|---|---|
| fixed length control field | 00792 a2200205 4500 |
| 001 - CONTROL NUMBER | |
| control field | 35825 |
| 005 - DATE AND TIME OF LATEST TRANSACTION | |
| control field | 20260407155637.0 |
| 008 - FIXED-LENGTH DATA ELEMENTS--GENERAL INFORMATION | |
| fixed length control field | 260407a1973 arg spa d |
| 003 - CONTROL NUMBER IDENTIFIER | |
| control field | AR-UNSa-BCEJYS |
| 040 ## - CATALOGING SOURCE | |
| Original cataloging agency | AR-UNSa-BCEJYS |
| Language of cataloging | spa |
| Transcribing agency | AR-UNSa-BCEJYS |
| 080 ## - UNIVERSAL DECIMAL CLASSIFICATION NUMBER | |
| Universal Decimal Classification number | 658.310.8 |
| Common auxiliary subdivision | Gestión y administración de personal |
| 020 ## - INTERNATIONAL STANDARD BOOK NUMBER | |
| International Standard Book Number | 84-309-0444-1 |
| 100 1# - MAIN ENTRY--PERSONAL NAME | |
| Personal name | Sala Franco, Tomás |
| 245 10 - TITLE STATEMENT | |
| Title | La movilidad del personal dentro de la empresa |
| 264 #1 - PRODUCTION, PUBLICATION, DISTRIBUTION, MANUFACTURE, AND COPYRIGHT NOTICE | |
| Place of production, publication, distribution, manufacture | Madrid : |
| Name of producer, publisher, distributor, manufacturer | Tecnos |
| Date of production, publication, distribution, manufacture, or copyright notice | 1973 |
| 300 ## - PHYSICAL DESCRIPTION | |
| Extent | 155 p. |
| Dimensions | 21 cm. |
| 505 ## - FORMATTED CONTENTS NOTE | |
| Formatted contents note | 1. Introducción - 2. Movilidad del personal a inicitaiva del empresario -. Movlidad del personal a iniciiva del trabajador - 4. Movilidad del personal por razones sociales, la capacidad disminuida del trbajador |
| 590 ## - LOCAL NOTE (RLIN) | |
| Local note | niveau_biblio:m niveau_hierar:0 |
| 942 ## - ADDED ENTRY ELEMENTS (KOHA) | |
| Koha item type | |
| Withdrawn status | Lost status | Damaged status | Not for loan | Home library | Current library | Shelving location | Date acquired | Total checkouts | Full call number | Barcode | Date last seen | Price effective from | Koha item type |
|---|---|---|---|---|---|---|---|---|---|---|---|---|---|
| Biblioteca Prof. Eusebio Cleto del Rey | Biblioteca Prof. Eusebio Cleto del Rey | 07/04/2026 | 658.310.8 S159 | L12819 | 07/04/2026 | 07/04/2026 | Libro | ||||||
| Biblioteca Prof. Eusebio Cleto del Rey | Biblioteca Prof. Eusebio Cleto del Rey | 07/04/2026 | 658.310.8 S159 | L12831 | 07/04/2026 | 07/04/2026 | Libro |